000 00303nam a22001337a 4500
008 190223b xxu||||| |||| 00| 0 eng d
020 _a0669200344
041 _aeng
080 _a371
100 _a25
101 _aEDU
245 _aWriting. Processes and Intentions
_cGebhardt, R.C
942 _2udc
_cBK
999 _c54158
_d54158